000 00225nam a22000857a 4500
008 160803b xxu||||| |||| 00| 0 eng d
100 _92
_aGoscinny R
245 _aThe Secret Weapon
_bAsterix
260 _aUSA
_bOrion Publication
_c2004
999 _c2652
_d2652